| 000 | 00439nam a2200157Ia 4500 | ||
|---|---|---|---|
| 008 | 170224s9999 xx 000 0 und d | ||
| 100 | _aIginio Gagliardone | ||
| 245 | _a‘Can you hear me?’ Mobile–radio interactions and governance in Africa | ||
| 245 | _cIginio Gagliardone | ||
| 260 | _bNew Media & Society | ||
| 260 | _c2016 | ||
| 300 | _a18:9 | ||
| 500 | _a2016 | ||
| 650 | _xCommunication Arts | ||
| 650 | _xMultimedia Arts | ||
| 999 |
_c316158 _d316158 |
||